| 000 | 00569nam a2200205Ia 4500 | ||
|---|---|---|---|
| 003 | GCL | ||
| 008 | 140319s9999 xx 000 0 ara d | ||
| 020 | _a3163102977 | ||
| 040 |
_aGCL / _cGCL |
||
| 082 | 0 | 4 |
_a814 _bط ع |
| 100 | 1 | _aطه حسين | |
| 245 | 1 | 0 |
_aعلى هامش السيرة / _cطه حسين |
| 250 | _aالثامنة عشر | ||
| 260 |
_aالقاهرة : _bدار المعارف ، _c1992 |
||
| 300 |
_a243 ص ؛ _c18 سم |
||
| 490 | _a | ||
| 650 | 0 | 4 | _aالادب العربى |
| 650 | 0 | 4 | _aالمقالات العربية |
| 942 |
_2ddc _cBK |
||
| 999 |
_c29331 _d29331 |
||